000 00836cam a22002533a 4500
001 2023
003 PGUSA
005 20140828083009.0
008 000101s2000||||xxu|||||s|||||000 i eng d
040 _aPGUSA
_beng
042 _adc
050 4 _aPR
100 1 _aJerome, Jerome K.
_q(Jerome Klapka),
_d1859-1927
245 1 0 _aMalvina of Brittany
_h[electronic resource] /
_cJerome K. Jerome
260 _bProject Gutenberg,
_c2000
505 0 _aMalvina of Brittany -- The street of the blank wall. His evening out -- The lesson -- Sylvia of the letters -- The fawn gloves.
506 _aPublic domain in the USA.
516 _aElectronic text
653 _aBrittany (France) -- Fiction
653 _aShort stories, English
830 0 _aProject Gutenberg
_v2023
856 4 0 _uhttp://www.gutenberg.org/ebooks/2023
942 _cEB
999 _c231362
_d231362